Cư dân nông thôn với việc phòng ngừa lây nhiễm HIV/AIDS /
Spremljeno u:
| Glavni autor: | |
|---|---|
| Format: | Članak |
| Jezik: | Vietnamese |
| Teme: | |
| Oznake: |
Dodaj oznaku
Bez oznaka, Budi prvi tko označuje ovaj zapis!
|
| Thư viện lưu trữ: | Thư viện Trường Đại học Đà Lạt |
|---|
| LEADER | 00897nam a2200337 4500 | ||
|---|---|---|---|
| 001 | DLU040030346 | ||
| 040 | # | # | |a DLU |b vie |
| 041 | # | # | |a vie |
| 044 | # | # | |a vn |
| 100 | # | # | |a Vũ Thị Minh Hạnh |
| 245 | # | # | |a Cư dân nông thôn với việc phòng ngừa lây nhiễm HIV/AIDS / |c Vũ Thị Minh Hạnh |
| 653 | # | # | |a AIDS |
| 653 | # | # | |a Kế hoạch hoá gia đình |
| 653 | # | # | |a Nông dân |
| 653 | # | # | |a Phòng bệnh |
| 653 | # | # | |a Sức khoẻ sinh sản |
| 773 | # | # | |t Xã hội học |g Số 1, 1998, tr 96 - 100 |
| 920 | # | # | |a Phòng Tạp chí -- Trung tâm Thông tin - Thư viện Trường Đại học Đà Lạt |
| 933 | # | # | |a CP |
| 933 | # | # | |a VN |
| 933 | # | # | |a XH |
| 994 | # | # | |a DLU |
| 900 | # | # | |a True |
| 911 | # | # | |a Trần Văn Thống Nhất |
| 925 | # | # | |a G |
| 926 | # | # | |a A |
| 927 | # | # | |a BB |
| 980 | # | # | |a Thư viện Trường Đại học Đà Lạt |